000 00551nam a2200229Ia 4500
003 OSt
005 20221005120837.0
006 a|||||r|||| 00| 0
007 ta
008 221004b |||||||| |||| 00| 0 eng d
024 _a52388
037 _cTextual
040 _aCRL
_cCRL
_beng
041 _2eng
_aeng
082 _aQ6.688.M8, J2
100 _aHowell A.E.
_9629725
245 0 _aFires of Namugongo
260 _c1952
650 _aRELIGION
942 _hQ6.688.M8, J2
_cTEXL
_2cc
999 _c1039303
_d1039303